000 02550nam a22002537a 4500
001 6486
003 FISKH
005 20250512143447.0
008 250506b cb ||||| |||| 00| 0 eng d
040 _aFISKH
_bkhr
_cFISKH
_dFISKH
050 _aPZ7
082 _a895.9323
100 _aSamnang, Mao
245 _aគំនុំរលត់ស្នេហ៏រលាយ /
_cអ្នកស្រី ម៉ៅ សំណាង (ទន្សាយ)
250 _aចេញផ្សាយឆ្នាំ​2008
260 _aភ្នំពេញ :
_bបណ្ណាល័យ សុរិយារង្សី ,
_c2008 .
300 _a138 pages :
_billustrations ;
_c21 cm .
520 _a"គំនុំរលត់ ស្នេហ៏រលាយ" គឺជារឿងនិទានភាគច្រើនដែលនិពន្ធដោយអ្នកនិពន្ធល្បី ម៉ៅ សំណាង។ រឿងនេះបង្ហាញពីការរួមបញ្ចូលគ្នារវាងគំនុំរលត់ និងស្នេហ៏រលាយ ដែលមានការប្រឈមមុខនឹងការលំបាក និងការប្រកួតប្រជែងក្នុងសង្គម។ តួអង្គសំខាន់ៗក្នុងរឿងនេះត្រូវប្រឈមមុខនឹងការប្រកួតប្រជែងក្នុងការរកស៊ី និងការរស់នៅក្នុងសង្គម។ រឿងនេះបង្ហាញពីការប្រឈមមុខនឹងការលំបាក និងការប្រកួតប្រជែងក្នុងការរកស៊ី និងការរស់នៅក្នុងសង្គម។
520 _aFading Grudges, Melting Love" is a serialized novel written by the renowned author Mao Samnang. The story explores the intersection of unresolved resentment and fading romance, set against the backdrop of social hardship and competition. The main characters face challenges related to business rivalries and the struggle to survive in a competitive society. Through its narrative, the novel portrays the emotional and societal difficulties of navigating love, forgiveness, and ambition in a changing world.
650 _aគំនុំរលត់ស្នេហ៏រលាយ
_vប្រលោមលោកខ្មែរ
650 _aKomnom rolot snea ro leay
_vKhmer fiction
942 _2ddc
_cKHB
_n0
999 _c6486
_d6486